Green Lanterns Famous Line - Statistics

General Stats
  • This quiz has been taken 75 times
  • The average score is 5 of 6
Answer Stats
Hint Answer % Correct
No Evil shall Escape my sight
94%
Green Lanterns Light
91%
In blackess Night
91%
In brightess Day
89%
Lett those who worship Evils might
87%
Beware my Power
87%
No matching quizzes found
Score Distribution
Percent of People with Each Score
Percentile by Number Answered
Your Score History
You have not taken this quiz